000 01924nam a2200133Ia 4500
008 220620s9999||||xx |||||||||||||| ||und||
020 _a9783040000000
245 0 _aLatest Hydroforming Technology of Metallic Tubes and Sheets
546 _aEnglish[eng]
650 _atube hydroforming||small-diameter tube||magnesium alloy||warm working||deformation characteristics||forming defects||forming limit||bellows forming||vision-based sensor||fuzzy control||semi-dieless forming||local heating||metal spinning||tube forming||incremental forming||numerical control||hydroforming||overlapping blank||variable-diameter part||thickness||ultra-thin walled tube||tube bending||laminated mandrel||rotary draw bending||Finite Element Analysis (FEA)||deformation property||lightweight structure||bending||formability||numerical methods||processing technology||crash safety||hot bending||partial-quench||FEM||strip friction test||friction coefficient||surface roughness||sliding speed||contact pressure||movable die||loading path||finite element simulation||irregular bellows||metal tube||planetary ball dies||diameter reduction process||forming limits||biaxial stretching||forming limit measurement||experimental design||strain rate sensitivity||elevated temperatures||pneumatic forming||drawing||flaring||tube expansion||plug drawing||thickness reduction||hydro-flanging||punch head shape||finite element analysis||alumimum alloy||tube bulging test||formability test||biaxial strain||local rubber bulging||cutout shape||slit length||two-layer tube||rigid plasticity||arbitrary yield criterion||arbitrary hardening law||analytic solution||magnesium alloy tube||warm hydroforming||non-uniform temperature field||protrusion type forming||wall thickness distribution||coupled thermal-structural analysis||optimization||n/a
700 _aManabe, Ken-ichi||Hwang, Yeong-Maw
856 _uhttps://mdpi.com/books/pdfview/book/4618
942 _cEB
999 _c22090
_d22090